01713nkm a2200289za 450000100060000000300040000600500170001000700070002700800410003404000240007510000540009924501110015326001030026430000990036750000650046650001240053150001580065550001170081350000660093065100500099665500400104685200120108685601500109894200250124895201330127399900170140684537OSt20260421095850.0kh boc250410s19021933sp ||||| ||||||0| i|spa d cM-RABAaM-RABAbspa aGómez Rodríguez, Enriqued(1867-1934)91111791 aZoila Rico y Rico Villademorosb: Candanedo. Asturiasc/ Enrique Gómez Rodríguezh[Material gráfico] aE. Gómezb: Plazuela de los Molinos, 6. Luarcab: Glorieta de Bilbao, 5. Madridc[1902 – 1933] a1 fotografíab: papel albúminac; imagen 16,5 x 12,5 cmc; soporte secundario 29 x 22,5 cm aImagen que muestra detalle de relieves en Cadanedo, Asturias aMontada sobre cartón ilustrado con motivos vegetales de estilo modernista, coloreados y con aplicaciones en dorado.  aEn la parte inferior aparece el sello estampado en dorado del fotógrafo "Plazuela de los Molinos, 6. Luarca. Glorieta de Bilbao, 5. Madrid. E. Gómez" aAnotaciones manuscritas a tinta negra sobre el soporte secundario de cartón: "Zoila Rico y Rico. Villademoros" aFechas tomadas de los años de producción del fotógrafo. 7aAsturias (Comunidad Autónoma)2embne974739 0aFotografías de monumentos9111580 jFot-593 3Fot-593uhttps://archivoybiblioteca.realacademiabellasartessanfernando.com/cgi-bin/koha/opac-retrieve-file.pl?id=57b537c79391a1c90de54b330d4a75b0 2ddccFOTOGRAFÍAn0 00102ddc40708FOTOGRAFIAaRABASFbRABASFcDP2d2025-04-23l0oFot-593p1095417r2025-04-23 13:53:06w2025-04-23yFOTOGRAFÍA c84537d84537